Impact of Covid-19 on Employment in Tourism in Slovakia: Current Situation and Development Perspective

Enregistré dans:
Détails bibliographiques
Auteur principal: Halenárová, Mária, 1994-
Autres auteurs: Čakanišin, Adrián, 1997-
Format: Chapitre de livre
Langue:anglais
Sujets:
Tags: Ajouter un tag
Pas de tags, Soyez le premier à ajouter un tag!

MARC

LEADER 00000naa$a2200000$$$4500
001 0305328
005 20241127110154.1
041 0 |a eng 
044 |a CZ 
245 1 0 |a Impact of Covid-19 on Employment in Tourism in Slovakia: Current Situation and Development Perspective  |c Mária Halenárová, Adrián Čakanišin 
500 |a Abstrakt 
610 2 0 |a ruch cestovný 
610 2 0 |a zamestnanosť 
610 2 0 |a pandémia 
610 2 0 |a koronavírus 
610 2 0 |a Slovensko 
100 1 |a Halenárová, Mária, 1994- 
700 1 |a Čakanišin, Adrián, 1997-